Algas marinas bentónicas de Chile / (Record no. 131041)

MARC details
000 -CABECERA
campo de control de longitud fija 00792nam a2200229 a 4500
005 - FECHA Y HORA DE LA ÚLTIMA TRANSACCIÓN
campo de control 20210219160118.0
008 - ELEMENTOS DE LONGITUD FIJA--INFORMACIÓN GENERAL
campo de control de longitud fija 080804s1986 mx r 000 0 spa d
020 ## - NÚMERO INTERNACIONAL NORMALIZADO PARA LIBROS
Número Internacional Estándar del Libro 9233024318
035 ## - NÚMERO DE CONTROL DEL SISTEMA
Número de control de sistema UPN01000158927
049 ## - COLECCIÓN
Colección UNE
080 ## - NÚMERO DE CLASIFICACIÓN DECIMAL UNIVERSAL
Número de la Clasificación Decimal Universal 582.271/ 273 ETCH.
100 1# - ASIENTO PRINCIPAL--NOMBRE PERSONAL
Nombre de persona Etcheverry D., Héctor
245 10 - MENCIÓN DE TÍTULO
Título Algas marinas bentónicas de Chile /
Mención de responsabilidad, etc. Héctor Etcheverry D.
260 ## - PUBLICACIÓN, DISTRIBUCIÓN, ETC.
Lugar de publicación, distribución, etc. Montevideo :
Nombre del editor, distribuidor, etc. ROSTLAC,
Fecha de publicación, distribución, etc. 1986.
300 ## - DESCRIPCIÓN FÍSICA
Extensión 379 p. :
Otras características físicas il.
500 ## - NOTA GENERAL
Nota general Incluye bibliografía.
690 ## - PUNTO DE ACCESO ADICIONAL DE MATERIA LOCAL--TÉRMINO DE MATERIA (OCLC, RLIN)
Término de materia o nombre geográfico como elemento inicial Algas marinas - Zona béntica - Chile
690 ## - PUNTO DE ACCESO ADICIONAL DE MATERIA LOCAL--TÉRMINO DE MATERIA (OCLC, RLIN)
Término de materia o nombre geográfico como elemento inicial Taxonomia de las plantas - Océano Pacifíco
690 ## - PUNTO DE ACCESO ADICIONAL DE MATERIA LOCAL--TÉRMINO DE MATERIA (OCLC, RLIN)
Término de materia o nombre geográfico como elemento inicial Chile - Algas marinas - Biología marina
710 2# - ASIENTO SECUNDARIO - NOMBRE CORPORATIVO
Nombre de entidad corporativa o nombre de jurisdicción como elemento de entrada ROSTLAC.
Unidad subordinada Oficina Regional de Ciencia y Tecnología de la UNESCO para América Latina y el Caribe.
905 ## - TIPO DE MATERIAL
Tipo de material UNESCO

No items available.